000 00760na a2200241 4500
001 13637
003 MIRAKIL
005 20181213154946.0
008 160918b tu 000 0
035 _a13637
040 _aMilas
_btur
_cTR-AnCHP
082 _a352.056
_bP24b 2014
090 _a352.056 P24b 2014
100 _aPala, Mehmet Semih
245 _aBursa kent konseyi
_bTemmuz 2009- Mart 2014 çalışma raporu
_cMehmet Semih Pala
246 _aTemmuz 2009 - Mart 2014 çalışma raporu
260 _aBursa
_bBursa Büyükşehir Belediyesi
_c[t.y.]
300 _a127 s.
_bres.
_c30 sm.
650 _aYerel yönetimler
_xTürkiye
_zBursa
650 _aKent konseyleri
_zTürkiye
651 _aBursa
_xYerel yönetim
_yKent konseyi
942 _2ddc
_cBKS
999 _c3875
_d3875